| 000 | 00810nam a2200289 a 4500 | ||
|---|---|---|---|
| 003 | AR-BaBNM | ||
| 005 | 20251128205659.0 | ||
| 008 | 082120s2002 ||||||||||||||000 | spa|| | ||
| 020 | _a950-05-0700-6 | ||
| 040 | _cAR-BaBNM | ||
| 100 | 1 | _aUrsini, Sonia | |
| 245 | 0 | 0 |
_aHoracio Salgán _bla supervivencia de un artista en el tiempo |
| 260 |
_aBuenos Aires _bEdiciones Corregidor _c1993 |
||
| 300 |
_a298 p. _bil. |
||
| 500 | _aContiene referencias bibliográficas y discográficas en p. 287 | ||
| 650 | 4 | _aBIOGRAFIAS | |
| 650 | 4 | _aCOSTUMBRES Y TRADICIONES | |
| 650 | 4 | _aFORMAS MUSICALES | |
| 650 | 4 | _aMUSICA POPULAR | |
| 650 | 4 | _aMUSICOS | |
| 653 | _aTANGO | ||
| 653 | _aMUSICA ARGENTINA | ||
| 655 | _aBIOGRAFIAS | ||
| 700 | 1 |
_aFerrer, Horacio _eprologuista |
|
| 942 | _cBK | ||
| 998 | _cMARTIN | ||
| 999 |
_c12378 _d12378 |
||